Learn German body - Statistics

General Stats
  • This quiz has been taken 10 times
  • The average score is 31 of 40
Answer Stats
English German % Correct
Arm Arm
100%
Eye Auge
100%
Hair Haar
100%
Hand Hand
100%
Head Kopf
100%
Nose Nase
100%
Ear Ohr
100%
Shoulder Schulter
100%
Belly Bauch
89%
Leg Bein
89%
Blood Blut
89%
Finger Finger
89%
Foot Fuß
89%
Face Gesicht
89%
Neck Hals
89%
Heart Herz
89%
Knee Knie
89%
Lip Lippe
89%
Mouth Mund
89%
Tooth Zahn
89%
Tongue Zunge
89%
Chest Brust
78%
Chin Kinn
78%
Lung Lunge
78%
Back Rücken
78%
Forehead Stirn
78%
Elbow Ellbogen
67%
Brain Gehirn
67%
Bone Knochen
67%
Body Körper
67%
Navel Nabel
67%
Nail Nagel
67%
Vein Vene
67%
Artery Arterie
56%
Stomach Magen
56%
Kidney Niere
56%
Toe Zehe
56%
Bladder Blase
44%
Intestine Darm
33%
Capillary Kapillar
33%
No matching quizzes found
Score Distribution
Percent of People with Each Score
Percentile by Number Answered
Your Score History
You have not taken this quiz